[Event "Nyiregyhaza op"]
[Site "Nyiregyhaza"]
[Date "1994.??.??"]
[Round "8"]
[White "Kranyik, Gyula"]
[Black "Monus, Zoltan"]
[Result "0-1"]
[WhiteElo "2180"]
[BlackElo "2070"]
[PlyCount "80"]
[EventDate "1994.07.??"]
[EventType "swiss"]
[EventRounds "9"]
[EventCountry "HUN"]
[SourceTitle "EXT 1998"]
[Source "ChessBase"]
[SourceDate "1997.11.17"]
[SourceVersion "1"]
[SourceVersionDate "1997.11.17"]
[SourceQuality "1"]

1. e4 c5 2. Nf3 d6 3. Bb5+ Bd7 4. Bxd7+ Qxd7 5. 0-0 Nc6 6. c3 e6 7. d4 b6 8. d5 Ne5 9. Ng5 h6 10. Nh3 Nf6 11. f4 Neg4 12. dxe6 fxe6 13. Qf3 e5 14. Nd2 Be7 15. Nc4 0-0 16. f5 Qc6 17. Re1 b5 18. Na5 Qb6 19. Kh1 Qxa5 20. Ng1 h5 21. h3 Nh6 22. Bxh6 gxh6 23. g4 hxg4 24. hxg4 Rf7 25. Re2 Rg7 26. Rg2 Kf7 27. Nh3 Rag8 28. Rag1 Ke8 29. b4 Qa3 30. bxc5 Qxc5 31. g5 hxg5 32. Rxg5 Rxg5 33. Rxg5 Rxg5 34. Nxg5 Qc4 35. Kg2 Qg8 36. Qg3 Nh5 37. Qg4 Qxg5 38. Qxg5 Bxg5 39. Kf3 Bd2 40. Kg4 Nf6+ 0-1

[Event "Nyiregyhaza op"]
[Site "Nyiregyhaza"]
[Date "1994.??.??"]
[Round "5"]
[White "Papagorasz, Takisz"]
[Black "Kranyik, Gyula"]
[Result "1-0"]
[WhiteElo "2265"]
[BlackElo "2180"]
[PlyCount "75"]
[EventDate "1994.07.??"]
[EventType "swiss"]
[EventRounds "9"]
[EventCountry "HUN"]
[SourceTitle "EXT 1998"]
[Source "ChessBase"]
[SourceDate "1997.11.17"]
[SourceVersion "1"]
[SourceVersionDate "1997.11.17"]
[SourceQuality "1"]

1. d4 e6 2. c4 Be7 3. e4 d6 4. Nf3 h6 5. Bd3 Nc6 6. Nc3 Nb4 7. Bb1 c5 8. a3 Na6 9. d5 e5 10. b4 Bg4 11. Bd3 Bxf3 12. gxf3 Nf6 13. Rg1 g5 14. Be3 Qd7 15. Rb1 b6 16. Ne2 Nc7 17. Ng3 Bf8 18. Nf5 Na6 19. Bc2 Qc8 20. Ba4+ Kd8 21. Bc6 Rb8 22. Qa4 Nc7 23. Qxa7 Nd7 24. bxc5 dxc5 25. Bxd7 Kxd7 26. Ke2 Qa6 27. Qxb8 Qxc4+ 28. Ke1 b5 29. Rc1 Bg7 30. Qxh8 Qxc1+ 31. Bxc1 Bxh8 32. Nxh6 f6 33. h4 gxh4 34. Rg8 f5 35. Rxh8 f4 36. Rh7+ Kc8 37. Nf5 Kb7 38. d6 1-0

[Event "Nyiregyhaza op"]
[Site "Nyiregyhaza"]
[Date "1994.??.??"]
[Round "7"]
[White "Toth, Gabor"]
[Black "Kranyik, Gyula"]
[Result "1-0"]
[WhiteElo "2015"]
[BlackElo "2180"]
[PlyCount "113"]
[EventDate "1994.07.??"]
[EventType "swiss"]
[EventRounds "9"]
[EventCountry "HUN"]
[SourceTitle "EXT 1998"]
[Source "ChessBase"]
[SourceDate "1997.11.17"]
[SourceVersion "1"]
[SourceVersionDate "1997.11.17"]
[SourceQuality "1"]

1. e4 c5 2. Nf3 Nf6 3. Nc3 g6 4. g3 Bg7 5. Bg2 0-0 6. 0-0 d6 7. d3 Bg4 8. h3 Be6 9. Be3 a6 10. Ng5 Bd7 11. e5 dxe5 12. Bxb7 Ra7 13. Bg2 h6 14. Nge4 Nxe4 15. Nxe4 Bc6 16. Nxc5 Bxg2 17. Kxg2 Ra8 18. Qf3 Nd7 19. Nb3 e6 20. d4 f5 21. Qc6 Qe8 22. d5 exd5 23. Qxd5+ Kh8 24. Rfd1 Nf6 25. Qa5 Qc6+ 26. Kg1 Qxc2 27. Qxe5 Nh5 28. Qe6 Kh7 29. Rd2 Qe4 30. Qxe4 fxe4 31. Nc5 Rfe8 32. Rad1 Nf6 33. Nd7 Ng8 34. Nb6 Rab8 35. b3 g5 36. Rd7 Nf6 37. Ra7 Kg6 38. Rxa6 h5 39. Ra5 Nh7 40. Rdd5 Re6 41. Nd7 Rd8 42. Ne5+ Rxe5 43. Ra6+ Bf6 44. Rxd8 Kf5 45. Rd7 Re7 46. Rxe7 Bxe7 47. Ra7 Ke6 48. Bc5 Bxc5 49. Rxh7 Kf5 50. Rb7 Bd4 51. a4 g4 52. h4 Ke6 53. a5 Kd6 54. a6 Kc6 55. Rh7 Kb5 56. a7 Bxa7 57. Rxa7 1-0